00914aaa a2200205 4500001001000000003001000010005001700020008004100037040001900078041000800097100003700105245008400142300005100226520025300277650001500530773012600545942000800671945001200679999001700691768714001CO-MdFUSB20260313113631.0260313t2007 sp |||| |||| 00| 0 spa d bspacCO-MdFUSB aspa1 aBalasuriya, Tissa (1924-)eautor14aLas religiones, es especial el cristianismo, ante el futuroc/ Tissa Balasuriya aVolumen. 319, (Febrero, 2007), Páginas 17-26 aEn este artículo quiero abordar dos factores básicos a los que, en general, no se les ha prestado la adecuada atención y que están relacionados con las cuestiones de la vida de los pobres, la vida de la tierra y el futuro de las religiones. vReligiones0 tRevista internacional de teología Concilium049450960401gVolumen. 319, (Febrero, 2007), Páginas 17-26qPáginas 17 cANA aJTF-925 c62046d62046